| 000 | 00370nam a2200133Ia 4500 | ||
|---|---|---|---|
| 008 | 220204s9999 xx 000 0 und d | ||
| 082 |
_aNR:339.13 (545) _bNGC |
||
| 100 | _aNg Choong Sooi | ||
| 245 | 0 | _aMarketing of Malaysian rubber: Trends and strategies | |
| 260 |
_aMalaysia _bMRRDB _c1986 |
||
| 490 | _aMRRDB Monograph 12 | ||
| 650 | _aRubber marketing | ||
| 942 | _cBK | ||
| 999 |
_c39452 _d39452 |
||